<?xml version="1.0" encoding="UTF-8"?>
<record
    xmlns:xsi="http://www.w3.org/2001/XMLSchema-instance"
    xsi:schemaLocation="http://www.loc.gov/MARC21/slim http://www.loc.gov/standards/marcxml/schema/MARC21slim.xsd"
    xmlns="http://www.loc.gov/MARC21/slim">

  <leader>02027nab a2200313 i 4500</leader>
  <controlfield tag="003">BR-BrBNA</controlfield>
  <controlfield tag="005">20240819124638.0</controlfield>
  <controlfield tag="008">240819b2018    bl.|r|pooa||| 00| 0 por |</controlfield>
  <datafield tag="040" ind1=" " ind2=" ">
    <subfield code="a">BR-BrBNA</subfield>
    <subfield code="b">por</subfield>
  </datafield>
  <datafield tag="072" ind1=" " ind2=" ">
    <subfield code="a">L72</subfield>
    <subfield code="b">8530</subfield>
  </datafield>
  <datafield tag="072" ind1=" " ind2=" ">
    <subfield code="a">L60</subfield>
  </datafield>
  <datafield tag="100" ind1=" " ind2=" ">
    <subfield code="a">Gianizella, S.L. </subfield>
  </datafield>
  <datafield tag="100" ind1=" " ind2=" ">
    <subfield code="a">Moraes J&#xFA;nior, J. </subfield>
  </datafield>
  <datafield tag="100" ind1=" " ind2=" ">
    <subfield code="a">Nascimento, C.A.R. </subfield>
  </datafield>
  <datafield tag="100" ind1=" " ind2=" ">
    <subfield code="a">Martins, T.F. </subfield>
  </datafield>
  <datafield tag="245" ind1=" " ind2=" ">
    <subfield code="a">Primeiro registro de machos de Amblyomma rotundatum (Acari: Ixodidae) em jabuti-tinga (Chelonoidis denticulatus) no estado do Amazonas, Amaz&#xF4;nia brasileira: relato de caso</subfield>
  </datafield>
  <datafield tag="500" ind1=" " ind2=" ">
    <subfield code="a">
Publica&#xE7;&#xE3;o online; 16 ref.; Summaries (En, Pt)
</subfield>
  </datafield>
  <datafield tag="520" ind1=" " ind2=" ">
    <subfield code="a">

RESUMO - O carrapato Amblyomma rotundatum &#xE9; uma esp&#xE9;cie partenogen&#xE9;tica, encontrada principalmente em anf&#xED;bios e r&#xE9;pteis silvestres em todos os biomas brasileiros. No presente relato, registra-se a ocorr&#xEA;ncia de dois machos dessa esp&#xE9;cie de ixod&#xED;deo encontrados em um jabuti-tinga (Chelonoidis denticulatus) proveniente do munic&#xED;pio de Manaus, Amazonas, Brasil.


Palavras-chave: carrapatos, Amblyomma rotundatum, machos</subfield>
  </datafield>
  <datafield tag="520" ind1=" " ind2=" ">
    <subfield code="a">

ABSTRACT - The Amblyomma rotundatum tick is a parthenogenetic species, found mainly in wild amphibians and reptiles in all Brazilian biomes. The present report records the occurrence of two males of this ixodid species found on yellow-footed tortoise (Chelonoidis denticulatus) from the municipality of Manaus, Amazonas, Brazil.


Keywords: ticks, Amblyomma rotundatum, males</subfield>
  </datafield>
  <datafield tag="650" ind1=" " ind2=" ">
    <subfield code="a">JABUTI</subfield>
  </datafield>
  <datafield tag="650" ind1=" " ind2=" ">
    <subfield code="a">CARRAPATO</subfield>
  </datafield>
  <datafield tag="650" ind1=" " ind2=" ">
    <subfield code="a">BIOLOGIA</subfield>
  </datafield>
  <datafield tag="650" ind1=" " ind2=" ">
    <subfield code="a">TAXONOMIA</subfield>
  </datafield>
  <datafield tag="650" ind1=" " ind2=" ">
    <subfield code="a">PRAGA DE ANIMAL</subfield>
  </datafield>
  <datafield tag="773" ind1="0" ind2=" ">
    <subfield code="0">1643</subfield>
    <subfield code="9">317174</subfield>
    <subfield code="d">Belo Horizonte-MG Universidade Federal de Minas Gerais - Escola de Veterinaria 1983</subfield>
    <subfield code="o">2024-3790</subfield>
    <subfield code="t">Arquivo Brasileiro de Medicina Veterin&#xE1;ria e Zootecnia (Brazil)</subfield>
    <subfield code="x">0102-0935</subfield>
    <subfield code="g">v. 70(1) p. 195-198; (2018)</subfield>
    <subfield code="w">BR2024002291</subfield>
  </datafield>
  <datafield tag="856" ind1=" " ind2=" ">
    <subfield code="u">https://www.scielo.br/j/abmvz/a/Nzq3hqndBcsLsps4kz5kZCb/?format=pdf&amp;lang=pt</subfield>
  </datafield>
  <datafield tag="942" ind1=" " ind2=" ">
    <subfield code="c">Anal&#xED;tica</subfield>
  </datafield>
  <datafield tag="999" ind1=" " ind2=" ">
    <subfield code="c">300950</subfield>
    <subfield code="d">300950</subfield>
  </datafield>
</record>
